• 首页
  • 本馆介绍
  • 公告通知
  • 最新文献
  • 馆藏检索
  • 电子资源
  • 读者导购
  • 参考咨询
  • 我的图书馆
  • 登录
  • 详细信息显示
  • 放入我的书架
  • 预约/预借图书
  • 作者相关作品
  • 分类相关作品
  • 丛书相关作品
  • 出版社相关作品

书目信息

  • 表格格式
  • 工作单格式
  • 卡片格式
题名:
中国近代哲学史
    
 
作者: 侯外庐 主编
分册:  
出版信息: 北京   人民出版社  1978
页数: 505页
开本: 20cm
丛书名:
单 册:
中图分类: B25
科图分类:
主题词: 哲学史--中国--近代
电子资源:
ISBN:
000 00577nam0 2200217 45
001 0178005426
005 20060816164840.85
010    @dCNY1.20
091    @a2001.163
100    @a19950712d1978 kemy0chiy0121 ea
101 0  @achi
102    @aCN@b110000
105    @ay z 000yy
200 10 @a中国近代哲学史@Azhong guo jin dai zhe xue shi@f侯外庐主编@Fhou wai lu zhu bian
210    @a北京@c人民出版社@d1978
215    @a505页@d20cm
606    @a哲学史@y中国@z近代
690    @aB25@v3
701  0 @a侯外庐@Ahou wai lu@4主编
801  0 @aCN@bNLC@c20060816
905    @dB25@e10
    
    中国近代哲学史/侯外庐主编.-北京:人民出版社,1978
    505页;20cm
    
    
    ISBN :CNY1.20
    
●
相关链接 在E读中查询图书 在五车中查询图书 在当当中查询图书 在豆瓣中查询图书


正题名:中国近代哲学史     索取号:B25/10         预约/预借

序号 登录号 条形码 馆藏地/架位号 状态 备注
1 0052710   000523936   第一样本阅览室/ [索取号:B25/10] 在馆    
2 0060934   001720524   密集书库/ [索取号:B25/10] 在馆    
3 0060941   202291858   密集书库/ [索取号:B25/10] 在馆    
4 0077168   000523927   密集书库/ [索取号:B25/10] 在馆    
5 0077169   000523945   第一借阅区/ [索取号:B25/10] 在馆    
6 0210549   000512859   密集书库/ [索取号:B25/10] 在馆    
7 0228508   000512822   密集书库/ [索取号:B25/10] 在馆    
8 0242270   001842581   密集书库/ [索取号:B25/10] 在馆    
9 0242271   000523259   密集书库/ [索取号:B25/10] 在馆    
10 0242272   000523268   密集书库/ [索取号:B25/10] 在馆    
11 0425462   204254626   密集书库/ [索取号:B25/10] 在馆    
12 0426176   204261761   密集书库/ [索取号:B25/10] 在馆    
13 0426189   204261896   密集书库/ [索取号:B25/10] 在馆    
14 0440025   204400255   密集书库/ [索取号:B25/10] 在馆    
15 0465065   204650653   密集书库/ [索取号:B25/10] 在馆    
唐山师范学院图书馆 欢迎您!
大连网信软件有限公司© 版权所有